000 00640cam a2200205 4500
001 J100540
008 000000n1999 000 0 eng u
035 _a(Sirsi) u100540
041 _aENG
050 _a692.8
110 _aJoint Contracts Tribunal
_93664
245 _aAmendment 1 issued June 1999: Construction Industry Scheme (CIS)
260 _aLondon
_bRIBA Publications
_c1999
490 _aJCT Standard Form of Prime Cost Contract 1998 Edition
_vAmendment 1
650 _aSTANDARD FORM OF PRIME COST CONTRACT 1998
650 _aPCC 1998
650 _aJCT
690 _aBUILT ENVIRONMENT-BUILDING CONTRACT FORMS
942 _n0
999 _c99717
_d99717